Name the Starkid Quiz Stats

 Plays Quiz not verified by Sporcle

Challenge
Share
Tweet
Embed
Score 0/28 Timer 08:00
0 Plays Today
% Correct
Darren Criss
96.1%
Lauren Lopez
95.8%
Joey Richter
95.2%
Joe Walker
94.8%
Brian Holden
94.2%
Dylan Saunders
87.7%
Joe Moses
87.7%
Brian Rosenthal
85.8%
Nick Lang
81.9%
Meredith Stepien
81.3%
Jim Povolo
79.4%
Jaime Lyn Beatty
79%
Julia Albain
73.5%
Devin Lytle
68.7%
% Correct
Denise Donovan
65.2%
Bonnie Gruesen
62.3%
Jeff Blim
61%
Tyler Brunsman
60%
A.J. Holmes
58.1%
Arielle Goldman
57.7%
Chris Allen
57.1%
Lily Marks
56.1%
Brant Cox
45.8%
Ali Gordon
45.8%
Elona Finlay
45.2%
Corey Dorris
44.2%
Alle-Faye Monka
37.4%
Nick Joseph-Strauss Matahia
1.3%

You're not logged in!

Compare scores with friends on all Sporcle quizzes.
OR
Log In

You Might Also Like...

Show Comments

Extras

Top Quizzes Today


Score Distribution

Your Account Isn't Verified!

In order to create a playlist on Sporcle, you need to verify the email address you used during registration. Go to your Sporcle Settings to finish the process.

Report this User

Report this user for behavior that violates our Community Guidelines.

Details: